01125nam a22003137a 4500003000500000005001700005008004100022010000900063011001000072035000900082040000900091082001600100100002700116245009500143260003900238300001100277590004100288590004100329590004100370590004200411650003800453650002800491650003600519901000700555942001000562949008000572999001500652952014400667CHAP20220329133700.0971013s1992 r 00010 d a9446 a10418 a9655 cCHAP a631.523bF600aFox, Michael W.942811 aSuperpigs and wondercornb: the brave new world of biotechnology and where it all may lead aNew York :bLyons & Burford,c1992 a209 p. aBATCH-UPDb10c20130110lUCH01h1738 aBATCH-UPDb10c20130410lUCH01h1117 aBATCH-UPDb10c20130913lUCH01h1906 aCONVERSIONb10c20130109lUCH01h130614aAcido desoxirribonucléico.958014aBiotecnología.91287814aIngeniería genética.958228 aBK cLIBRO a631.523 F6bBCcLIBROd33724000160586eLIBROgI. c/eh86079i9655sit90.00 c9446d9446 00102ddc4052708GRALaBCbBCcPP_GRALd2019-12-31eI. c/efLIBROl0o631.523 F6p33724000160586r2019-12-31 00:00:00w2019-12-31yLIBRO